Words Ending In “-ube” - Statistics

General Stats
  • This quiz has been taken 39 times
  • The average score is 4 of 20
Answer Stats
Answer % Correct
Lube
97%
Tube
94%
Cube
77%
Rube
74%
Pube
66%
Jube
34%
Daube
3%
Taube
3%
Bathcube
0%
Blowtube
0%
Buckytube
0%
Drawtube
0%
Flashcube
0%
Flashtube
0%
Hypercube
0%
Jujube
0%
Myotube
0%
Nanotube
0%
Phototube
0%
Pickelhaube
0%
No matching quizzes found
Score Distribution
Percent of People with Each Score
Percentile by Number Answered
Your Score History
You have not taken this quiz